000 00733nam a2200205Ii 4500
003 JO-AjNU
008 230605s9999||||xx |||||||||||||| ||und||
017 _a1097
040 _aJO-AjNU
_bara
_erda
_cJO-AjNU
041 _aara
050 1 4 _aQL463.A226 1984
100 3 _aعلي، عبدالباقي محمد حسين /م. مشارك سعاد بني عبدالله ,
_eauthor
_916368
245 0 0 _aالاسس العملية في علم بيئة الحشرات
264 3 1 _aالموصل:وارة التعليم العالي والبحث العلمي ، 1984
300 _a188ص
336 _atext
_btxt
_2rdacontent
337 _aunmediated
_bn
_2rdamedia
338 _avolume
_bnc
_2rdacarrier
650 4 _aالحشرات
_916369
999 _aA4834
_c8402
_d8402